Sections de la commune de Mons - Statistiques

Statistiques générales
  • Ce quiz a été pris 17 fois
  • Le résultat moyen est 14 sur 19
Réponses sur la Carte
Les réponses sont colorées sur une échelle allant du rouge au vert en fonction du pourcentage des utilisateurs qui les ont devinées à leur premier essai. Vous pouvez retrouver ces pourcentages ci-dessous.
 
Statistiques - réponses
Réponse % Correct
Mons
100%
Havré
92%
Jemappes
92%
Nimy
92%
Cuesmes
83%
Hyon
83%
Obourg
83%
Saint-Symphorien
83%
Flénu
75%
Ghlin
75%
Harmignies
75%
Maisière
75%
Saint-Denis
75%
Mesvin
67%
Villers-Saint-Ghislain
67%
Ciply
58%
Nouvelles
58%
Spiennes
58%
Harveng
50%
Aucun quiz correspondant
Distribution des résultats
% des personnes avec chaque résultat
Percentile par nombre de réponses
Votre historique - résultats
Vous n’avez pas pris ce quiz